000 00408nam a2200145Ia 4500
008 100204s9999 xx 000 0 und d
082 _b18875
100 _aकलंदर
245 _aकानोकानी
260 _b"रोहन प्रकाशन , मुंबई"
_c1996
300 _a175
630 _aकानोकानी
730 _aकानोकानी
942 _cBOOK
999 _c463298
_d463295